International tourism / (Record no. 38200)

MARC details
000 -LEADER
fixed length control field 00710nam a22002057a 4500
005 - DATE AND TIME OF LATEST TRANSACTION
control field 20100730110737.0
010 ## - LCCN (DPL NO)
LC control number ENG-97440
020 ## - INTERNATIONAL STANDARD BOOK NUMBER
International Standard Book Number 8189915045
Terms of availability 1080.00
035 ## - SYSTEM CONTROL NUMBER
System control number EN-80973
037 ## - SOURCE OF ACQUISITION
Source of stock number/acquisition DBAD/PUB
082 ## - DEWEY DECIMAL CLASSIFICATION NUMBER
Classification number 338.4791
100 ## - MAIN ENTRY--PERSONAL NAME
Personal name Pasricha, Ashu
245 ## - TITLE STATEMENT
Title International tourism /
Statement of responsibility, etc by Ashu Pasricha
260 ## - PUBLICATION, DISTRIBUTION, ETC. (IMPRINT)
Place of publication, distribution, etc New Delhi
Name of publisher, distributor, etc Regal Pubications
Date of publication, distribution, etc 2009
270 ## - ADDRESS
Address A-49/1, Mayapuri, Phase-1,
City New Delhi
Postal code 110 064
300 ## - PHYSICAL DESCRIPTION
Extent vii, 314p.
Dimensions 23 cm (Hb)
500 ## - GENERAL NOTE
General note Includes Index
942 ## - ADDED ENTRY ELEMENTS (KOHA)
Source of classification or shelving scheme Dewey Decimal Classification
Item type English Books
Classification part 338.4791
Call number suffix PAS
Holdings
Withdrawn status Lost status Not for loan Collection code Home library Current library Date acquired Source of acquisition Cost, normal purchase price Full call number Barcode Copy number Cost, replacement price Koha item type
    Not For Loan Non-fiction D.B.Act.Division D.B.Act.Division 30/07/2010 DBAD/PUB 1080.00 338.4791 PAS EN-80973 1 1080.00 English Books

© Delhi Public Library
Hit Counter
free hit counter